| 000 | 00576nam a2200205Ia 4500 | ||
|---|---|---|---|
| 003 | OSt | ||
| 005 | 20250730114822.0 | ||
| 008 | 210210b1986 xxu||||| |||| 00| 0 eng d | ||
| 040 | _cAL | ||
| 041 | _aKannada | ||
| 082 | _a793.8K MAYY | ||
| 100 |
_aMAYAVI ANAND. _dಮಾಯಾವಿ ಆನಂದ್ _9233547 |
||
| 245 |
_aYakshini-vidye _bಯಕ್ಷಿಣಿ-ವಿದ್ಯೆ. |
||
| 260 |
_aDharavada. _bSheshachala Granthamale., _c1986 |
||
| 300 | _a57 | ||
| 650 |
_aMagic, Yakshini _9233548 |
||
| 690 |
_aIndoor Games _9233549 |
||
| 906 | _a045685 | ||
| 942 |
_2ddc _cBK |
||
| 999 |
_c94858 _d94858 |
||